000 01245cam a22003614a 4500
001 muse77059
003 MdBmJHUP
005 20210127151304.0
006 m o d
007 cr||||||||nn|n
008 190325s2019 cau o 00 0 eng d
010 _z 2019937769
020 _a9781950192236
020 _a9781950192243
035 _a(OCoLC)1111335553
040 _aMdBmJHUP
_cMdBmJHUP
100 1 _aBlake, Felice.
245 1 0 _aAntiracism Inc.
_bWhy the Way We Talk about Racial Justice Matters /
_cFelice Blake ; [edited by] Felice Blake, Paula Ioanide, Alison Reed.
250 _a1st edition.
264 1 _bPunctum Books,
264 3 _bProject MUSE,
300 _a1 online resource (pages cm)
506 0 _aOpen Access
_fUnrestricted online access
_2star
588 _aDescription based on print version record.
655 7 _aElectronic books.
_2local
710 2 _aProject Muse.
_edistributor
830 0 _aBook collections on Project MUSE.
856 4 0 _zFull text available:
_uhttps://muse.jhu.edu/book/66825/
999 _c25321
_d25321